| 000 | 00674nam a2200181 i 4500 | ||
|---|---|---|---|
| 001 | 54863 | ||
| 003 | ES-MaACL | ||
| 005 | 20250603174830.0 | ||
| 007 | t| | ||
| 008 | 040120q1837 sp ||||1| spa d | ||
| 100 | 0 |
_aDiego de Día _cseud. _9153281 |
|
| 245 | 1 | 0 | _aCarta de Don Diego de Día a Don Diego de Noche, en contestación a la que escribió al Exmo. Sr. D. Joaquín María López. |
| 260 |
_aMadrid : _bImprenta de la calle del Humilladero, a cargo de don Diego Negrete, _c[1837?] |
||
| 300 |
_a8 p. ; _c16 cm. |
||
| 651 | 4 |
_aEspaña- _xHistoria- _z1833-1840, Regencia de María Cristina de Borbón _98252 |
|
| 852 |
_aES-MaACL _jT-23-F-9 |
||
| 999 |
_c54863 _d54863 |
||